000 00807cam a2200241 a 4500
005 20220524180900.0
008 191211s2002 sp gr 000 i spa d
020 _a843396982X
035 _aUPN01000234788
040 _aMX-MxUPN
_bspa
_cMX-MxUPN
050 1 4 _aPS3515 A6.4
_bZ4.86
100 1 _aHanff, Helene
_944530
245 1 0 _a84, Charing Cross Road /
_cHelene Hanff ; traducción de Javier Calzada ; post scriptum de Thomas Simonnet
260 _aBarcelona :
_bAnagrama,
_c2002.
300 _a126 páginas
490 0 _aPanorama de narrativas ;
_v522
600 7 _944532
_aHanff, Helene
_vCorrespondencia, memorias, etc.
650 1 4 _95165
_aLiteratura estadounidense
_ySiglo XX
700 1 _944531
_aCalzada, Javier
_etraductor
905 _aLibro
942 _2lcc
_cLIBRO
999 _c206883
_d206883